[Event "Paris-ch"]
[Site "Paris"]
[Date "1990.??.??"]
[Round "?"]
[White "Shirov, Alexei"]
[Black "Pichon, Jean Marc"]
[Result "1-0"]
[WhiteElo "2500"]
[BlackElo "2315"]

1.d4 Nf6 2.c4 c5 3.d5 b5 4.cxb5 a6 5.b6 Qxb6 6.Nc3 g6 7.e4 d6 8.a4 Qb4 9.Bd3 Bg7
10.Ne2 O-O 11.O-O e6 12.Bf4 exd5 13.exd5 Re8 14.Bxd6 Nbd7 15.Re1 Ne5 16.Ng3 Bg4
17.Qc2 Nc4 18.Bxc4 Qxc4 19.h3 Bd7 20.Qd2 Qb3 21.Bxc5 h5 22.Bd4 Rab8 23.Qf4 Rb4
24.Nge2 Nxd5 25.Qd6 Nxc3 26.bxc3 Bxd4 27.Qxd7 Rxe2 28.Rxe2 Bxc3 29.Rc1 Bg7
30.Rc7 Rxa4 31.Re8+ Kh7 32.Qxf7 Ra1+ 33.Kh2 Qxf7 34.Rxf7 Kh6 35.Ree7 Bd4
36.h4  1-0

[Event "Paris-ch"]
[Site "Paris"]
[Date "1990.??.??"]
[Round "?"]
[White "Shirov, Alexei"]
[Black "Hauchard, Arnaud"]
[Result "1-0"]
[WhiteElo "2500"]
[BlackElo "2340"]

1.d4 Nf6 2.c4 c5 3.d5 b5 4.cxb5 a6 5.b6 d6 6.Nc3 Nbd7 7.a4 Qxb6 8.a5 Qc7
9.e4 g6 10.f4 Bg7 11.Bc4 O-O 12.Nf3 Re8 13.O-O e5 14.dxe6 fxe6 15.Ng5 Nf8
16.f5 h6 17.e5 dxe5 18.fxg6 hxg5 19.Bxg5 N8d7 20.Qf3 Qa7 21.Rad1 Qb7 22.Qh3 Qc6
23.Nd5 exd5 24.Rxd5 Kf8 25.Qh7 Re6 26.Bh6 Ke8 27.Qxg7 Nxd5 28.Qh8+ Ke7 29.g7 Rxh6
30.Rf7+ Kxf7 31.g8=Q+ Ke7 32.Qd8+  1-0

[Event "Paris-ch"]
[Site "Paris"]
[Date "1990.??.??"]
[Round "?"]
[White "Dussol, Pierre"]
[Black "Shirov, Alexei"]
[Result "0-1"]
[WhiteElo "2260"]
[BlackElo "2500"]

1.d4 Nf6 2.c4 c5 3.d5 e6 4.Nc3 exd5 5.cxd5 d6 6.e4 g6 7.Nf3 Bg7 8.h3 O-O
9.Bd3 a6 10.O-O Nbd7 11.Bf4 Qe7 12.a4 Nh5 13.Bh2 Ne5 14.Be2 Nxf3+ 15.Bxf3 Nf6
16.Re1 Nd7 17.Bg4 h5 18.Bxd7 Bxd7 19.f4 Bd4+ 20.Kh1 b5 21.axb5 axb5 22.Rxa8 Rxa8
23.e5 f5 24.Qd2 Qh4 25.Ne2 Be3 26.Qd1 Ra4 27.Bg3 Qe7 28.e6 Be8 29.Nc3 Rd4
30.Qf3 Bd2 31.Rd1 Bxc3 32.bxc3 Ra4 33.Qf2 Qf6 34.Qe1 Re4 35.Qd2 h4 36.Bf2 Ra4
37.Be1 g5 38.fxg5 Qe5 39.Qf2 Bh5 40.Rd3 f4 41.Kg1 Ra1 42.Kf1 b4 43.cxb4 Be8
44.Qe2 Bb5 45.Qxe5 dxe5  0-1

[Event "Paris-ch"]
[Site "Paris"]
[Date "1990.??.??"]
[Round "?"]
[White "Dunnington, Angus J"]
[Black "Shirov, Alexei"]
[Result "1/2-1/2"]
[WhiteElo "2370"]
[BlackElo "2500"]

1.Nf3 Nf6 2.g3 g6 3.b3 d6 4.Bg2 e5 5.O-O Bg7 6.Bb2 O-O 7.c4 Nc6 8.Nc3 e4
9.Ne1 Re8 10.Nc2 h5 11.Nd5 h4 12.Bxf6 Bxf6 13.Nxf6+ Qxf6 14.d3 exd3 15.Qxd3 hxg3
16.hxg3 Ne5 17.Qd2 Qh8 18.f3 a5 19.a4 Bd7 20.e4 Bc6 21.Ne3 Nd7 22.Rab1 Nc5
23.Rfe1 Ra6 24.Ng4 Bd7 25.Nf2 Rb6 26.Qxa5 Nxb3 27.Qg5 Qe5 28.Qe3 Na5 29.f4 Qg7
30.Rxb6 Nxc4 31.Qc1 Nxb6 32.Qxc7 Qb2 33.a5 Qb4 34.Rc1 Qxa5 35.Qxd6 Bb5 36.Rb1 Nc4
37.Qc5 Ba6 38.Qxa5 Nxa5 39.e5 Rc8 40.Ne4 Bd3 41.Nf6+ Kg7 42.Bxb7 Bxb1 43.Bxc8 g5
44.Kf2 gxf4 45.gxf4 Nc6 46.Bg4 Ne7 47.Ke3 Ng8 48.Ne8+ Kf8 49.Nd6 Ne7 50.Kd4 Kg7
51.Bd7 Bc2 52.Bb5 Kf8 53.Bd3 Nc6+ 54.Kc5 Bxd3 55.Kxc6 Ke7 56.Kd5 Bb1 57.Nc8+ Kd7
58.Nb6+ Ke7 59.Nc8+ Kd7 60.Nb6+ Ke7 61.Kd4 Ke6 62.Nc4  1/2-1/2

[Event "Wch U20"]
[Site "Santiago"]
[Date "1990.??.??"]
[Round "2"]
[White "Moutousis, Konstantinos"]
[Black "Shirov, Alexei"]
[Result "0-1"]
[WhiteElo "2390"]
[BlackElo "2500"]

1.e4 c5 2.Nf3 d6 3.d4 cxd4 4.Nxd4 Nf6 5.Nc3 g6 6.Be2 Bg7 7.O-O O-O 8.Bg5 Nc6
9.Nb3 a6 10.a4 Be6 11.f4 b5 12.Bf3 b4 13.Nd5 Bxd5 14.exd5 Na5 15.Nd4 Qb6
16.Kh1 Rac8 17.f5 Rc4 18.Nc6 Nxc6 19.dxc6 Qc5 20.Qd3 Rd4 21.Qxa6 Qxf5 22.Be3 Rh4
23.Bf2 Rh6 24.Bg1 d5 25.Rae1 g5 26.Bd1 Ne4 27.Rxe4 Qxe4 28.Qb7 Qc4 29.Re1 Qxc6
30.Qxe7 Qxa4 31.Qxg5 Qc6 32.Bf3 Qxc2 33.Bxd5 Rg6 34.Qf4 Qxb2 35.Bc5 Qc3 36.Re8 Rf6
37.Rxf8+ Bxf8 38.Qg4+ Kh8 39.Bg1 Rf1 40.Bxf7 Rxg1+ 41.Kxg1 Qe1+  0-1

[Event "Wch U20"]
[Site "Santiago"]
[Date "1990.??.??"]
[Round "9"]
[White "Shirov, Alexei"]
[Black "Alterman, Boris"]
[Result "1/2-1/2"]
[WhiteElo "2500"]
[BlackElo "2400"]

1.e4 c5 2.Nf3 Nc6 3.d4 cxd4 4.Nxd4 g6 5.c4 Nf6 6.Nc3 d6 7.Be2 Nxd4 8.Qxd4 Bg7
9.Be3 O-O 10.Qd2 Be6 11.O-O Qa5 12.Rac1 Rfc8 13.b3 a6 14.f4 b5 15.f5 Bd7
16.fxg6 hxg6 17.c5 Be6 18.Bf3 dxc5 19.e5 Nd7 20.Bxa8 Rxa8 21.Qe2 c4 22.bxc4 Bxc4
23.Qf3 Rf8 24.Nd5 Bxd5 25.Qxd5 Nxe5 26.Bc5 Rd8 27.Qb7 Qxa2 28.Bxe7 Re8 29.Rc8 Rxc8
30.Qxc8+ Kh7 31.Qh3+ Kg8 32.Qc8+ Kh7  1/2-1/2

[Event "Wch U20"]
[Site "Santiago"]
[Date "1990.??.??"]
[Round "11"]
[White "Shirov, Alexei"]
[Black "Hernandez, Gilberto"]
[Result "1-0"]
[WhiteElo "2500"]
[BlackElo "2395"]

1.d4 Nf6 2.c4 c5 3.d5 g6 4.Nc3 Bg7 5.e4 d6 6.h3 O-O 7.Nf3 e6 8.Bd3 Na6 9.O-O Nc7
10.Re1 Re8 11.a4 Rb8 12.Bg5 h6 13.Bd2 exd5 14.exd5 Rxe1+ 15.Qxe1 b6 16.Bf4 a6
17.Qd2 Qf8 18.Bh2 Bd7 19.Qf4 Nce8 20.Rb1 Nh5 21.Qd2 f5 22.b4 Rd8 23.Ne2 a5
24.bxa5 bxa5 25.Qxa5 Qf6 26.Nf4 Nxf4 27.Bxf4 g5 28.Bc1 Qe7 29.Bd2 Nf6 30.Bc3 Nh5
31.Bxg7 Nxg7 32.Qa7 g4 33.hxg4 fxg4 34.Nd2 g3 35.Nf3 Rf8 36.Rb8 Ne8 37.Bg6 Qg7
38.fxg3 Nf6 39.Rxf8+ Kxf8 40.Qb8+ Ke7 41.Qb1 Bxa4 42.Nh4 Bd7 43.Qb7 Kf8 44.Qb8+ Ke7
45.Qc7 Ne8 46.Bxe8 Kxe8 47.Qxd6 Qd4+ 48.Kh2  1-0

[Event "Wch U20"]
[Site "Santiago"]
[Date "1990.??.??"]
[Round "13"]
[White "Shirov, Alexei"]
[Black "Grigore, George"]
[Result "1-0"]
[WhiteElo "2500"]
[BlackElo "2360"]

1.d4 Nf6 2.c4 d6 3.Nc3 Bf5 4.g3 e5 5.Bg2 c6 6.e4 exd4 7.Qxd4 Be6 8.Nge2 Qb6
9.b3 Nbd7 10.Bf4 Be7 11.Rd1 Qxd4 12.Nxd4 Ne5 13.Nxe6 fxe6 14.c5 g5 15.Bxg5 dxc5
16.f4 Neg4 17.Ke2 h6 18.Bh4 h5 19.Bf3 Nd7 20.Bxe7 Kxe7 21.e5 Nb6 22.h3 Nh6
23.Ne4 Nf5 24.Kf2 Raf8 25.h4 c4 26.bxc4 Nxc4 27.Nc5 b6 28.Rd7+ Ke8 29.Rxa7 Nd4
30.Nxe6 Nxf3 31.Kxf3 Nxe5+ 32.Ke4 Ng4 33.Rd1 Nf2+ 34.Ke5 Nxd1 35.Kd6  1-0

[Event "Stockholm"]
[Site "Stockholm"]
[Date "1990.??.??"]
[Round "?"]
[White "Wessman, Richard"]
[Black "Shirov, Alexei"]
[Result "1/2-1/2"]
[WhiteElo "2500"]
[BlackElo "2580"]

1.d4 d5 2.c4 c6 3.cxd5 cxd5 4.Nc3 Nc6 5.Nf3 Nf6 6.Bf4 a6 7.e3 Bg4 8.Be2 e6
9.O-O Bxf3 10.Bxf3 Bd6 11.Bg3 Bxg3  1/2-1/2

[Event "Stockholm"]
[Site "Stockholm"]
[Date "1990.??.??"]
[Round "?"]
[White "Shirov, Alexei"]
[Black "Wedberg, Tom"]
[Result "1-0"]
[WhiteElo "2580"]
[BlackElo "2480"]

1.d4 Nf6 2.c4 e6 3.Nc3 d5 4.cxd5 exd5 5.Bg5 Be7 6.e3 Nbd7 7.Bd3 O-O 8.Nge2 Re8
9.Qc2 c6 10.O-O-O Qa5 11.Kb1 b5 12.Ng3 Nf8 13.Nce2 Qb6 14.Rc1 Bd7 15.Nf5 Bd8
16.Neg3 a5 17.Bxf6 Bxf6 18.Nh5 Qd8 19.Nd6 Re6 20.Nb7 Qc7 21.Nc5 Rd6 22.Nxf6+ Rxf6
23.f3 Be8 24.e4 Rf4 25.Qd2 dxe4 26.fxe4 Rh4 27.g3 Rh6 28.e5 Rd8 29.Qe3 Ne6
30.Bxb5 Nxd4 31.Bc4 Bd7 32.a3 Bf5+ 33.Ka2 Be6 34.Nxe6 fxe6 35.Rhf1 c5 36.Rf2 Rh5
37.Qxd4  1-0

[Event "Val Maubuee op"]
[Site "Val Maubuee"]
[Date "1990.??.??"]
[Round "?"]
[White "Shirov, Alexei"]
[Black "Prie, Eric"]
[Result "1-0"]
[WhiteElo "2500"]
[BlackElo "2435"]

1.d4 e6 2.c4 b6 3.e4 Bb7 4.Bd3 Qh4 5.d5 Bb4+ 6.Kf1 Bc5 7.g3 Qe7 8.Nf3 Nf6
9.Kg2 O-O 10.e5 Ng4 11.Bxh7+ Kxh7 12.Ng5+ Kg8 13.Qxg4 f6 14.exf6 Qxf6 15.Ne4 Qf7
16.Nbc3 Bd4 17.f3 Bxc3 18.Nxc3 exd5 19.cxd5 Bxd5 20.Nxd5 Qxd5 21.Bf4 Rf7
22.Rhd1 Qb5 23.Rd2 Na6 24.Re1 d6 25.Qg5 Qc6 26.h4 Re8 27.Qd5 Qd7 28.Rde2 Rxe2+
29.Rxe2 Nb4 30.Qe4 a5 31.a3 Nc6 32.h5 Re7 33.Qd5+ Kf8 34.Rd2 Re6 35.Rc2 Ne5
36.Rxc7 Qxc7 37.Qxe6 Nf7 38.g4 Qc2+ 39.Kg3 Qxb2 40.g5 Qd4 41.Be3 Qc3 42.Qe4 Qe1+
43.Kg4 Ne5+ 44.Kf5 Qh1 45.Qa8+ Ke7 46.Qb7+ Nd7 47.Kg6 Qh3 48.Bd4 d5 49.Kxg7 Qxf3
50.Bf6+ Kd6 51.h6 Qe3 52.h7 Nxf6 53.gxf6 Qg5+ 54.Kf7 Qh5+ 55.Kg8  1-0

[Event "Val Maubuee op"]
[Site "Val Maubuee"]
[Date "1990.??.??"]
[Round "?"]
[White "Strikovic, Aleksa"]
[Black "Shirov, Alexei"]
[Result "1-0"]
[WhiteElo "2465"]
[BlackElo "2500"]

1.e4 e5 2.Nf3 Nc6 3.Bb5 a6 4.Ba4 Nf6 5.Qe2 b5 6.Bb3 Be7 7.O-O O-O 8.c3 d6
9.Rd1 Be6 10.d4 Bxb3 11.axb3 exd4 12.cxd4 d5 13.e5 Ne4 14.Nc3 Nxc3 15.bxc3 Qd7
16.Bg5 Bxg5 17.Nxg5 f6 18.exf6 Rxf6 19.Qd3 Rg6 20.f4 Rf8 21.Rxa6 Rxf4 22.Ra8+ Nd8
23.Qh3  1-0

[Event "Val Maubuee op2"]
[Site "Val Maubuee"]
[Date "1990.??.??"]
[Round "?"]
[White "Shirov, Alexei"]
[Black "Rubene, Ilze"]
[Result "1-0"]
[WhiteElo "2500"]
[BlackElo "2130"]

1.d4 f5 2.Nf3 Nf6 3.g3 g6 4.Bg2 Bg7 5.O-O O-O 6.b3 d6 7.Bb2 h6 8.c4 Qe8 9.Nbd2 g5
10.Qc2 Qh5 11.d5 c5 12.e4 fxe4 13.Nxe4 Nxe4 14.Bxg7 Kxg7 15.Qxe4 Rf7 16.Rae1 Bf5
17.Qe3 Nd7 18.h4 Kg6 19.Qc3 Nf6 20.Re3 a5 21.Rfe1 Ng8 22.Bf1 g4 23.Nh2 b6
24.Bd3 Raf8 25.Re4 Kh7 26.Nxg4 Rg7 27.Rf4 Rxg4 28.Rxf5 Rxf5 29.Qc2 Rg7 30.Bxf5+ Kh8
31.Qe4 Qe8 32.Re3 b5 33.cxb5 Qxb5 34.Qc4 Qb4 35.Be6 Qd2 36.Qe2 Qc1+ 37.Kh2 Qa1
38.a4 Nf6 39.Rf3 Qd4 40.Rf4 Qc3 41.Qb5  1-0

[Event "Troll Masters"]
[Site "Gausdal"]
[Date "1991.??.??"]
[Round "3"]
[White "Aarland, Stein Arild"]
[Black "Shirov, Alexei"]
[Result "0-1"]
[WhiteElo "2240"]
[BlackElo "2615"]

1.c4 Nf6 2.Nc3 g6 3.g3 Bg7 4.Bg2 O-O 5.e4 d6 6.Nge2 c5 7.O-O Nc6 8.d3 a6
9.a3 Rb8 10.Rb1 b5 11.cxb5 axb5 12.b4 Ba6 13.h3 e5 14.f4 exf4 15.bxc5 fxg3
16.Bf4 dxc5 17.Bxb8 Qxb8 18.Nxb5 Nd7 19.Qa4 Bxb5 20.Rxb5 Qd6 21.Qc2 Nd4 22.Nxd4 Bxd4+
23.Kh1 Ne5 24.a4 Be3 25.Rd1 Ng4 26.Bf3 g2+  0-1

[Event "Arnold Cup"]
[Site "Gausdal"]
[Date "1991.??.??"]
[Round "5"]
[White "Stein, Bernd"]
[Black "Shirov, Alexei"]
[Result "0-1"]
[WhiteElo "2370"]
[BlackElo "2615"]

1.e4 e5 2.Nf3 Nc6 3.Bc4 Nf6 4.d3 Bc5 5.c3 O-O 6.b4 Bb6 7.O-O d6 8.a4 a6 9.Nbd2 Be6
10.Bxe6 fxe6 11.Nc4 Ba7 12.Be3 Bxe3 13.fxe3 b5 14.axb5 axb5 15.Na3 Rb8 16.Qb3 Qd7
17.Nc2 d5 18.exd5 exd5 19.e4 Kh8 20.exd5 Nxd5 21.d4 e4 22.Ne5 Nxe5 23.dxe5 Nf4
24.Nd4 Qg4 25.Qc2 Rbe8 26.Kh1 Qg6 27.g3 Nd3 28.e6 e3 29.Qg2 Nf2+ 30.Kg1 h5
31.h3 Qg5 32.Rae1 Rf6 33.Nf3 Qh6 34.Nd4 h4 35.g4 Qg5 36.Re2 g6 37.Ra1 Kg7
38.Ra7 Qe5 39.Qh2 Qe4 40.Rxc7+ Kg8 41.Qg2 Nxh3+ 42.Qxh3 Qb1+ 43.Kg2 Qf1+
44.Kh2 Qf4+ 45.Kg1 Ra8 46.Qf3 Ra1+ 47.Kg2 Qxc7 48.Qxe3 Rf4 49.Qe5 Qb7+ 50.Kh3 Rh1+
51.Rh2 Rxh2+ 52.Kxh2 Rf2+  0-1

[Event "Troll Masters"]
[Site "Gausdal"]
[Date "1991.??.??"]
[Round "6"]
[White "Shirov, Alexei"]
[Black "Ostenstad, Berge"]
[Result "1/2-1/2"]
[WhiteElo "2615"]
[BlackElo "2500"]

1.d4 Nf6 2.c4 g6 3.Nc3 d5 4.Nf3 Bg7 5.Bg5 Ne4 6.cxd5 Nxg5 7.Nxg5 e6 8.Qa4+ c6
9.dxc6 Nxc6 10.Nf3 Bd7 11.Qd1 Qb6 12.Qd2 Nxd4 13.O-O-O Rd8 14.Nxd4 Bc6 15.e3 e5
16.Qe1 exd4 17.exd4+ Kf8 18.d5 Bxd5 19.Rxd5 Rxd5 20.Qe7+  1/2-1/2

[Event "Arnold Cup"]
[Site "Gausdal"]
[Date "1991.??.??"]
[Round "6"]
[White "Shirov, Alexei"]
[Black "Kengis, Edvins"]
[Result "0-1"]
[WhiteElo "2615"]
[BlackElo "2545"]

1.d4 e6 2.c4 b6 3.e4 Bb7 4.Bd3 Nc6 5.Nf3 Nb4 6.Nc3 Nxd3+ 7.Qxd3 d6 8.O-O Be7
9.d5 e5 10.c5 Nf6 11.Qb5+ Kf8 12.c6 Bc8 13.a4 a5 14.Qe2 g6 15.Ne1 Kg7 16.Nd3 Ba6
17.f4 exf4 18.Rxf4 h5 19.h3 h4 20.Be3 Nh5 21.Bd4+ Kg8 22.Rf2 Rh7 23.Nb5 Ng3
24.Qf3 Bg5 25.Re1 Bxb5 26.axb5 Qe7 27.e5 Re8 28.Bc3 Qd8 29.Qg4 dxe5 30.Nxe5 f5
31.Qd1 Rhe7 32.Nc4 Rxe1+ 33.Bxe1 Kh7 34.Bc3 Ne4 35.Rf3 Be7 36.Be5 Bc5+ 37.Kh2 Rxe5
38.Nxe5 Qd6 39.Rxf5 gxf5 40.Qh5+ Kg7 41.Qf7+ Kh6 42.Qxf5 Qxe5+  0-1

[Event "Arnold Cup"]
[Site "Gausdal"]
[Date "1991.??.??"]
[Round "8"]
[White "Shirov, Alexei"]
[Black "Loeffler, Stefan"]
[Result "1/2-1/2"]
[WhiteElo "2615"]
[BlackElo "2285"]

1.d4 Nf6 2.c4 g6 3.Nc3 Bg7 4.e4 d6 5.Be2 O-O 6.Nf3 c5 7.O-O Na6 8.d5 Nc7
9.Be3 Bg4 10.Qd2 Nd7 11.a3 e6 12.h3 Bxf3 13.Bxf3 exd5 14.exd5 Re8 15.Bg5 Bf6
16.Bf4 Be5 17.Ne4 Nf6 18.Nxf6+ Qxf6 19.Bg5 Qg7 20.Rab1 b5 21.Be2 Rab8 22.Qa5 Rb7
23.cxb5 Bxb2 24.Bd3 Qd4 25.Be3 Bc3 26.Qxc7 Rxc7 27.Bxd4 Bxd4 28.Rfc1 Re5
29.Bc4 Rf5 30.Rc2 Rf4 31.g3 Rf3 32.Rb3 Rxb3 33.Bxb3 Kf8 34.Bc4 Re7 35.Kf1 Ke8
36.a4 Kd7 37.a5 Kc7 38.Rc1 Re4 39.Kg2 Bb2 40.Rc2 Ba3 41.f3 Re1 42.Kf2  1/2-1/2

[Event "Kerteminde"]
[Site "Kerteminde"]
[Date "1991.??.??"]
[Round "3"]
[White "Shirov, Alexei"]
[Black "Jansa, Vlastimil"]
[Result "1-0"]
[WhiteElo "2615"]
[BlackElo "2495"]

1.d4 d6 2.e4 Nf6 3.Nc3 g6 4.Bg5 Bg7 5.f4 c6 6.Nf3 O-O 7.Bd3 Qb6 8.Qd2 Bg4
9.e5 Bxf3 10.gxf3 Nd5 11.Nxd5 cxd5 12.c3 f6 13.exf6 exf6 14.Bh4 Re8+ 15.Kf1 f5
16.Kg2 Nd7 17.a4 Nf6 18.a5 Qc6 19.a6 b6 20.Bxf6 Bxf6 21.h4 h5 22.Kh3 Kh7
23.Rhg1 Qd7 24.Rg2 Re6 25.Rag1 Bh8 26.Qc2 Rf8 27.Qb3 Re3 28.Qxd5 Rxd3 29.Rxg6 Qf7
30.R6g5 Kh6 31.Qxd6+ Bf6 32.R1g3 Kh7 33.Rxf5 Re3 34.Qxf8 Qxf8 35.Rxh5+ Qh6
36.Rxh6+ Kxh6 37.Kg4 Kg6 38.h5+ Kf7 39.Kf5 Re2 40.Rg6  1-0

[Event "Kerteminde"]
[Site "Kerteminde"]
[Date "1991.??.??"]
[Round "5"]
[White "Berg, Klaus"]
[Black "Shirov, Alexei"]
[Result "0-1"]
[WhiteElo "2420"]
[BlackElo "2615"]

1.e4 e5 2.Nf3 Nc6 3.Bb5 a6 4.Bxc6 dxc6 5.O-O f6 6.d4 Bg4 7.dxe5 Qxd1 8.Rxd1 Bxf3
9.gxf3 fxe5 10.f4 Nf6 11.Nc3 Bd6 12.f3 exf4 13.e5 Bc5+ 14.Kg2 Nh5 15.Ne4 Be7
16.Kh3 Rf8 17.Kg4 g6 18.b3 Rd8 19.Re1 Rf5 20.Bb2 Ng7 21.h4 Ne6 22.Re2 Kf7
23.Rh1 h5+ 24.Kh3 Nd4 25.Bxd4 Rxd4 26.Rg1 Rxe5 27.Ng5+ Kf6 28.Rxe5 Kxe5 29.Re1+ Kd6
30.Re6+ Kd7 31.Rxg6 Rd2 32.Rh6 Rxc2 33.Rxh5 Rxa2 34.Rh7 Ra1 35.Kg4 a5 36.Kxf4 b5
37.h5 a4 38.bxa4 bxa4 39.Ne4 a3 40.Nc5+ Kd6 41.Ne4+ Ke6 42.Rh8 Rh1 43.Ra8 Rxh5
44.Ra6 Kd7 45.Ke3 Rh2 46.Kd3 Rh3 47.Kc4 Rxf3 48.Nc5+ Ke8 49.Nd3 Rf1 50.Ne5 Rc1+
51.Kd3 Bb4 52.Ke4 Bd6 53.Nd3 Rc2 54.Ke3 Kd7 55.Ne1 Rh2 56.Kd3 Bb4 57.Nf3 Rh3
58.Ke4 c5 59.Ne5+ Kc8  0-1

[Event "Kerteminde"]
[Site "Kerteminde"]
[Date "1991.??.??"]
[Round "7"]
[White "Van der Sterren, Paul"]
[Black "Shirov, Alexei"]
[Result "1/2-1/2"]
[WhiteElo "2475"]
[BlackElo "2615"]

1.d4 Nf6 2.c4 g6 3.Nc3 Bg7 4.e4 d6 5.f3 O-O 6.Be3 c5 7.dxc5 dxc5 8.Qxd8 Rxd8
9.Bxc5 Nc6 10.Ba3 a5 11.Rd1 Be6 12.Nd5 Bxd5 13.cxd5 Nb4 14.Bb5 Nc2+ 15.Kf2 Nxa3
16.bxa3 e6 17.d6 e5 18.Ne2 Bf8 19.d7 Bxa3 20.Rd3 Bc5+ 21.Kg3 Kf8 22.Rc1 b6
23.a4 Ke7 24.Rcd1 Ra7 25.Kh3 Bb4 26.Rc1 Bd6 27.Nc3 Rc7 28.Rcd1 Bb4 29.Nd5+ Nxd5
30.Rxd5 f6 31.g3 Rc2 32.R5d3 Bc3 33.f4 Bd4 34.fxe5 fxe5 35.R1d2 Rc5 36.Kg2 Rxd7
37.Bxd7 Kxd7 38.Rxd4+ exd4 39.Rxd4+ Ke6 40.Kf3 Ke5  1/2-1/2

[Event "Moscow5"]
[Site "Moscow"]
[Date "1991.??.??"]
[Round "?"]
[White "Wessman, Richard"]
[Black "Shirov, Alexei"]
[Result "0-1"]
[WhiteElo "2460"]
[BlackElo "2610"]

1.g3 g6 2.Bg2 Bg7 3.d4 Nf6 4.e4 d6 5.Ne2 e5 6.Nbc3 c6 7.h3 b5 8.a3 Bb7 9.Be3 Nbd7
10.f4 exd4 11.Nxd4 O-O 12.O-O Re8 13.Re1 a6 14.Nb3 Qc7 15.Bf2 c5 16.Nd2 Re7
17.Rb1 Rae8 18.Kh2 b4 19.Nd5 Nxd5 20.exd5 Rxe1 21.Bxe1 Nb6 22.Nf1 a5 23.axb4 cxb4
24.c3 Qc5 25.cxb4 axb4 26.Rc1 Qb5 27.Rc2 b3 28.Rd2 Na4 29.Rd3 Nxb2 30.Rxb3 Nxd1
31.Rxb5 Ba6 32.Rb1 Rxe1 33.Nd2 Bd3 34.Rb3 Bc2 35.Rb7 Bf8 36.Nf3 Re2 37.Nd4 Rd2
38.Nf3 Rxd5 39.Ng5 Rd2 40.Kg1 Ne3  0-1

[Event "Moscow5"]
[Site "Moscow"]
[Date "1991.??.??"]
[Round "?"]
[White "Shirov, Alexei"]
[Black "Piskov, Yury"]
[Result "1-0"]
[WhiteElo "2610"]
[BlackElo "2465"]

1.Nf3 f5 2.g3 Nf6 3.Bg2 d6 4.d4 g6 5.O-O Bg7 6.b3 O-O 7.Bb2 Qe8 8.c4 h6 9.Nc3 g5
10.e3 Kh8 11.d5 a5 12.Nd4 Qg6 13.f4 Ng4 14.Qd2 Qh5 15.h3 Nf6 16.e4 fxe4 17.g4 Bxg4
18.fxg5 Bxh3 19.Ne6 e3 20.Qxe3 Bxe6 21.gxf6 Bxf6 22.Ne4 Bxb2 23.Rxf8+ Bg8
24.Raf1 Bg7 25.Ng3 Qg4 26.R1f4 Qg5 27.Rxg8+ Kxg8 28.Qe6+  1-0

[Event "Moscow5"]
[Site "Moscow"]
[Date "1991.??.??"]
[Round "?"]
[White "Shirov, Alexei"]
[Black "Badea, Bela"]
[Result "1/2-1/2"]
[WhiteElo "2610"]
[BlackElo "2445"]

1.d4 Nf6 2.c4 g6 3.Nc3 Bg7 4.e4 d6 5.Nf3 O-O 6.h3 e5 7.d5 Na6 8.Bg5 Qe8 9.g4 Nd7
10.Nd2 f5 11.gxf5 gxf5 12.exf5 Ndc5 13.f6 Bxf6 14.Bh6 Qg6 15.Bxf8 Kxf8 16.Qf3 Bf5
17.Rg1 Qxg1 18.Qxf5 Qg6 19.Qxg6 hxg6 20.Nce4 Nxe4 21.Nxe4 Ke7 22.b4 Bh4 23.a3 Rf8
24.c5 Rf4 25.Bd3 dxc5 26.bxc5 Nxc5  1/2-1/2

[Event "Moscow5"]
[Site "Moscow"]
[Date "1991.??.??"]
[Round "?"]
[White "Borkowski, Franciszek"]
[Black "Shirov, Alexei"]
[Result "0-1"]
[WhiteElo "2390"]
[BlackElo "2610"]

1.e4 c5 2.Nf3 d6 3.d4 cxd4 4.Qxd4 Nc6 5.Bb5 Bd7 6.Bxc6 Bxc6 7.Nc3 Nf6 8.Bg5 e6
9.O-O-O Be7 10.Qd3 O-O 11.Nd4 Qc7 12.f4 Rfd8 13.h4 Rab8 14.f5 e5 15.Bxf6 Bxf6
16.Nde2 b5 17.g4 b4 18.Nd5 Bxd5 19.Qxd5 Rbc8 20.Rd2 h6 21.Ng1 Qb6 22.Nf3 Rc5
23.Qd3 d5 24.exd5 Rcxd5 25.Qe2 Qa5 26.Qc4 b3 27.Rxd5 Rxd5 28.Qxb3 e4 29.c4 Rd3
30.Qc2 Rxf3 31.g5 hxg5 32.Qxe4 g4 33.Qxg4  0-1

[Event "Ter Apel"]
[Site "Ter Apel"]
[Date "1991.??.??"]
[Round "4"]
[White "Shirov, Alexei"]
[Black "Cramling, Pia"]
[Result "1/2-1/2"]
[WhiteElo "2615"]
[BlackElo "2470"]

1.d4 Nf6 2.c4 c5 3.d5 g6 4.Nc3 Bg7 5.e4 d6 6.Nf3 O-O 7.h3 e6 8.Bd3 exd5 9.exd5 Re8+
10.Be3 Nh5 11.O-O Nd7 12.g4 Nhf6 13.Nb5 h5 14.Nxd6 Rxe3 15.fxe3 Qc7 16.g5 Qxd6
17.gxf6 Qg3+ 18.Kh1 Qxh3+ 19.Nh2 Bxf6 20.Qc2 Bg7 21.Rf3 Qh4 22.Rf4 Qh3 23.Rf3 Qh4
24.Rf4 Qh3 25.Bf1 Qxe3 26.Re4 Qg3 27.Re8+ Nf8 28.Qg2 Qd6 29.Rae1 Rb8 30.Bd3 Bd7
31.R8e2 Nh7 32.Nf3 Nf6 33.Ng5 Ng4 34.Qf3 Rf8 35.Rf1 Nh6 36.Ne4 Qb6 37.Nf6+ Bxf6
38.Qxf6 Qxf6 39.Rxf6 Nf5 40.Bxf5 Bxf5 41.Re7 Kg7 42.Rxf5 gxf5 43.Rxb7 Kf6
44.Rc7 Re8 45.Rxc5 Re1+ 46.Kg2 Re2+ 47.Kf3 Rxb2 48.d6 Ke6 49.Rd5 Rb8 50.Rd1  1/2-1/2

[Event "Gausdal m"]
[Site "Gausdal"]
[Date "1992.??.??"]
[Round "2"]
[White "Shirov, Alexei"]
[Black "Agdestein, Simen"]
[Result "1-0"]
[WhiteElo "2655"]
[BlackElo "2590"]

1.d4 e6 2.c4 f5 3.g3 Nf6 4.Bg2 Be7 5.Nf3 O-O 6.O-O d5 7.Nc3 c6 8.Bf4 Nh5
9.e3 Nd7 10.cxd5 exd5 11.Rb1 Nhf6 12.b4 Ne4 13.Qc2 g5 14.Be5 g4 15.Nd2 Nxe5
16.dxe5 a6 17.f3 gxf3 18.Nxf3 Qe8 19.Ne2 Bg5 20.Nf4 Bh6 21.a4 Bd7 22.Rfd1 Bg7
23.Qb2 Nd6 24.Rbc1 b5 25.axb5 axb5 26.Bf1 Nf7 27.Nd3 Nd6 28.Nf4 Nf7 29.Nd3 Nd6
30.Ra1 Nc4 31.Qd4 Qe7 32.Kf2 Rfc8 33.Rxa8 Rxa8 34.Ra1 Qe8 35.Be2 Nd6 36.Rxa8 Qxa8
37.Qb6 Ne4+ 38.Kg2 Be8 39.Nd4 Qc8 40.Qa7 Kh8 41.e6 Bxd4 42.Qxd4+ Kg8 43.Qe5 Qd8
44.Qxf5 Qf6 45.Qxf6 Nxf6 46.Nc5 Kf8 47.g4 Ke7 48.Kf3 Bg6 49.Kf4 Kd6 50.h4 Bc2
51.g5 Ng8 52.h5 Ne7 53.Bg4 Bb1 54.g6 hxg6 55.h6 g5+ 56.Kxg5 Ng8 57.e4 Nxh6
58.Kxh6 Bxe4 59.Nxe4+ dxe4 60.Kg5 Ke7 61.Kf4  1-0

[Event "Bundesliga 9192"]
[Site "Germany"]
[Date "1992.??.??"]
[Round "?"]
[White "Lechtynsky, Jiri"]
[Black "Shirov, Alexei"]
[Result "0-1"]
[WhiteElo "2400"]
[BlackElo "2610"]

1.d4 Nf6 2.Nf3 g6 3.c4 Bg7 4.Nc3 O-O 5.Bg5 d6 6.e3 Nbd7 7.Be2 e5 8.dxe5 dxe5
9.Qc2 c6 10.O-O Qe7 11.Nd2 h6 12.Bh4 g5 13.Bg3 Ne8 14.Rab1 f5 15.f3 b6 16.b4 Bb7
17.c5 bxc5 18.bxc5 Nxc5 19.Nb3 Bc8 20.Na5 Ne6 21.Na4 c5 22.Bc4 Nc7 23.Rfd1 f4
24.Bf2 Kh8 25.Qe4 fxe3 26.Bxe3 Nd4 27.Bd3 Bf5 28.Qb7 e4 29.Bxe4 Bc8 30.Qb2 Nxf3+
31.gxf3 Bxb2 32.Bxc5 Qe8 33.Nxb2 Rb8 34.Nc6 Bb7 35.Nxb8 Bxe4 36.fxe4 Rf4
37.Bd6 Rg4+ 38.Kf2 Rxe4 39.Rd2 Qxb8 40.Rc1  0-1

[Event "Oviedo rapid45"]
[Site "Oviedo"]
[Date "1992.??.??"]
[Round "7"]
[White "Shirov, Alexei"]
[Black "Strikovic, Aleksa"]
[Result "0-1"]
[WhiteElo "2655"]
[BlackElo "2480"]

1.d4 d6 2.e4 Nf6 3.Nc3 g6 4.f4 Bg7 5.Nf3 O-O 6.Be3 b6 7.Bd3 c5 8.d5 Na6 9.O-O Nc7
10.a4 a6 11.Re1 Bb7 12.Bf2 e6 13.Bh4 Qd7 14.dxe6 Nxe6 15.Qd2 Nd4 16.Nxd4 cxd4
17.Nd1 Rfe8 18.Nf2 Rac8 19.f5 gxf5 20.Bxf6 Bxf6 21.exf5 Kh8 22.Ng4 Bg7 23.Qf2 Qc6
24.f6 Bf8 25.Qg3 Qd5 26.Rf1 Qg5 27.Rf5 Qg8 28.Qf4 Rc5 29.h3 h5 30.Rf1 Ree5
31.Rf2 Rxf5 32.Bxf5 Rxf5 33.Qxf5 hxg4 34.Rf4 Qg6 35.Qd7 Bd5  0-1

[Event "Wch Team"]
[Site "Luzern"]
[Date "1993.??.??"]
[Round "8"]
[White "Serper, Grigory"]
[Black "Shirov, Alexei"]
[Result "1/2-1/2"]
[WhiteElo "2575"]
[BlackElo "2685"]

1.d4 d5 2.c4 c6 3.Nf3 Nf6 4.e3 Bf5 5.Bd3 Bxd3 6.Qxd3 e6 7.Nc3 Nbd7 8.O-O Be7
9.e4 dxe4 10.Nxe4 Nxe4 11.Qxe4 O-O 12.Bd2 Qb6 13.Bc3 Bb4 14.Qc2 Bxc3 15.Qxc3 a5
16.Rfd1 Nf6 17.Rd3 c5 18.Rad1 Rad8 19.dxc5 Rxd3 20.Rxd3 Qxc5 21.Qd4 Qxd4
22.Rxd4 Rc8 23.Ne5 Kf8 24.Rd6 Ne4 25.Rb6 f6 26.Nd7+ Ke8 27.Rxe6+ Kxd7 28.Rxe4 b5
29.b3 bxc4 30.Rd4+  1/2-1/2

[Event "PCA/Intel-GP"]
[Site "Moscow"]
[Date "1994.??.??"]
[Round "1"]
[White "Vyzmanavin, Alexey"]
[Black "Shirov, Alexei"]
[Result "1-0"]
[WhiteElo "2610"]
[BlackElo "2705"]

1.d4 d5 2.c4 c6 3.e3 Nf6 4.Nc3 a6 5.Nf3 b5 6.b3 Bg4 7.Be2 Nbd7 8.h3 Bxf3
9.Bxf3 e6 10.O-O Bb4 11.Qc2 O-O 12.a3 Bxc3 13.Qxc3 bxc4 14.bxc4 Nb6 15.c5 Nbd7
16.Rb1 Re8 17.Bd2 e5 18.Rb7 exd4 19.exd4 Ne4 20.Qd3 Nxd2 21.Qxd2 Nf8 22.Rfb1 Qf6
23.Rc7 Re7 24.Rxe7 Qxe7 25.Rb6 Qc7 26.Be2 Ne6 27.Bxa6 g6 28.a4 Ng7 29.a5 Nf5
30.Bb7 Re8 31.a6 Nxd4 32.a7 Ne2+ 33.Kh1 Qe5 34.Rb1 Nc3 35.Rc1 Ne4 36.Qc2 Qf4
37.Kg1 Nxf2 38.a8=Q Rxa8 39.Bxa8 Nxh3+ 40.gxh3 Qg3+ 41.Kf1 Qg2+ 42.Ke1 Qe2+
43.Qxe2 h5 44.Kd1 Kh7 45.Kd2 d4 46.Qd1  1-0

[Event "Leon"]
[Site "Leon"]
[Date "1995.??.??"]
[Round "1"]
[White "De la Villa Garcia, Jesus Maria"]
[Black "Shirov, Alexei"]
[Result "1/2-1/2"]
[WhiteElo "2490"]
[BlackElo "2710"]

1.e4 g6 2.d4 Bg7 3.Nf3 d6 4.Bd3 Nf6 5.O-O O-O 6.Bg5 Nbd7 7.Nbd2 e5 8.c3 h6
9.Bh4 b6 10.Re1 Bb7 11.a4 a5 12.Qc2 Qe8 13.Bb5 Nh5 14.Rad1 f6 15.Nc4 Rf7
16.Nfd2 Nf4 17.Ne3 Kh7 18.f3 h5 19.Bc4 Rf8 20.Nd5 Ne6 21.Bf2 c6 22.dxe5 Nxe5
23.Nxb6 Rd8 24.b4 axb4 25.cxb4 d5 26.exd5 cxd5 27.Bb5 Qe7 28.Bc5 Qc7 29.Rc1 Rf7
30.Bf2 Qd6 31.Bc5 Qc7 32.Bf2 Qd6 33.Bc5  1/2-1/2